University Home | Library Home | Institutional Repository

History of the Irish brigades in the service of France : (Record no. 99295)

MARC details
000 -LEADER
fixed length control field 01009cam8a220022900 4500
001 - CONTROL NUMBER
control field qce01858026
005 - DATE AND TIME OF LATEST TRANSACTION
control field 20190819094404.0
008 - FIXED-LENGTH DATA ELEMENTS--GENERAL INFORMATION
fixed length control field 761110s1870 stk 000 0 eng d
010 ## - LIBRARY OF CONGRESS CONTROL NUMBER
LC control number 33004637
035 ## - SYSTEM CONTROL NUMBER
System control number (Sirsi) r47954
035 ## - SYSTEM CONTROL NUMBER
System control number (QCAT)lss01410695
035 ## - SYSTEM CONTROL NUMBER
System control number (UPRA)qce01858026
040 ## - CATALOGING SOURCE
Modifying agency UPRA
082 ## - DEWEY DECIMAL CLASSIFICATION NUMBER
Classification number 941.5
100 1# - MAIN ENTRY--PERSONAL NAME
Personal name O'Callaghan, John Cornelius, 1805-1883.
Dates associated with a name O'Callaghan, John Cornelius, 1805-1883.
Linkage A6048.1
245 10 - TITLE STATEMENT
Title History of the Irish brigades in the service of France :
Remainder of title from the revolution in Great Britain and Ireland under James II., to the revolution in France under Louis XVI. /
Statement of responsibility, etc. by John Cornelius O'Callaghan.
260 ## - PUBLICATION, DISTRIBUTION, ETC.
Place of publication, distribution, etc. Glasgow : New York :
Name of publisher, distributor, etc. Cameron and Ferguson ; P.N. Haverty,
Place of publication, distribution, etc. Glasgow : New York :
Name of publisher, distributor, etc. Cameron and Ferguson ; P.N. Haverty,
Date of publication, distribution, etc. 1870.
610 10 - SUBJECT ADDED ENTRY--CORPORATE NAME
Corporate name or jurisdiction name as entry element France. Armee. Irish Brigade.
Subordinate unit France. Armee. Irish Brigade.
-- France. Armee. Irish Brigade.
Linkage S4478.1
949 ## - LOCAL PROCESSING INFORMATION (OCLC)
a DA914
w lcc
m MAIN
t BOOK
l ON-SHELF
987 ## - LOCAL ROMANIZATION/CONVERSION HISTORY (OCLC)
Romanization/conversion identifier WITHDRAWN.

No items available.

© 2026 - The University of Zambia Library - Koha v25.11